Statistiques concernant Littérature commençant par la lettre A

Cliquez ici pour prendre le quiz!

Statistiques générales

  • Ce quiz a été pris 2 411 fois
    (2 386 depuis la dernière actualisation)
  • Le résultat moyen est 10 sur 20

Statistiques - réponses

IndicesRéponses% Correct
Elle a suivi un lapin vers le pays de merveillesAlice
99%
Le plus célèbre des irréductibles GauloisAstérix
91%
Héros grec, il meurt en recevant une flèche "Pârisienne" dans l'arrière de son piedAchille
90%
Elève de Platon, il s'intéressa aussi bien à la philosophie qu'à la physique et à la politiqueAristote
90%
Titre de cette tragédieAntigone
70%
Trait de caractère dont Harpagon est l'archétypeAvarice
66%
Auteur et poète surréaliste, une certaine Elsa lui a inspiré un recueilLouis Aragon
63%
Roman de Proust inscrit au Guinness des records comme le roman le plus long jamais écritA la recherche du temps perdu
58%
Il réécrit la tragédie contant l'histoire de la fille d’Œdipe pendant la Seconde Guerre mondialeJean Anouilh
57%
Dieu grec qui guida cette flècheApollon
54%
"Sous le pont Mirabeau coule la Seine"Guillaume Apollinaire
54%
Ce lion aida entre autres Peter, Susan, Edmund et Lucy dans le monde de NarniaAslan
47%
Roman de Tolstoï dans lequel la noblesse russe est critiquéeAnna Karénine
43%
Tragédie de Racine de déroulant après la prise de TroieAndromaque
37%
Personnage de bande-dessinée dit "mortelle"Adèle
34%
Trilogie de Philip Pullman qui retrace les aventures de la jeune Lyra et de son dæmon PantalaimonA la croisée des mondes
20%
Célèbre romancier et nouvelliste, il a notamment écrit Le Passe-MurailleMarcel Aymé
20%
Maison d'édition française qui publie notamment Amélie NothombAlbin Michel
18%
Premier roman de Maurice Leblanc, créateur du gentleman cambrioleurArsène Lupin, gentleman-cambrioleur
17%
Roman de cette auteure publié après Péplum et avant MercureAttentat
2%

Distribution des résultats

Percentile par nombre de réponses

% des personnes avec chaque résultat

Votre développement - résultats

Vous n’avez pas pris ce quiz depuis la dernière actualisation